LEADER 03198nam 2200685 a 450 001 9910465649703321 005 20200520144314.0 010 $a1-78170-134-2 010 $a1-84779-208-1 035 $a(CKB)2560000000085774 035 $a(EBL)1069500 035 $a(OCoLC)818847184 035 $a(SSID)ssj0000712762 035 $a(PQKBManifestationID)12291201 035 $a(PQKBTitleCode)TC0000712762 035 $a(PQKBWorkID)10650843 035 $a(PQKB)10128205 035 $a(StDuBDS)EDZ0000085710 035 $a(MiAaPQ)EBC1069500 035 $a(OCoLC)971999168 035 $a(MdBmJHUP)muse78025 035 $a(OCoLC)1132229657 035 $a(Au-PeEL)EBL1069500 035 $a(CaPaEBR)ebr10623208 035 $a(CaONFJC)MIL843784 035 $a(EXLCZ)992560000000085774 100 $a20081222d2008 uy 0 101 0 $aeng 135 $aur|n|---||||| 181 $ctxt 182 $cc 183 $acr 200 14$aThe European Union and the accomodation of Basque differnce [sic] in Spain$b[electronic resource] /$fAngela K. Bourne 210 $aManchester $cManchester University Press ;$aNew York $cDistributed exclusively in the USA by Palgrave$d2008 215 $a1 online resource (193 p.) 225 0$aEurope in change 300 $aDescription based upon print version of record. 311 $a0-7190-6751-0 311 $a0-7190-6750-2 320 $aIncludes bibliographical references (p. [148]-161) and index. 327 $aThe impact of European integration on regional power -- Devolution and the accommodation of Basque difference in Spain -- Basque participation in the state's EU decisions -- The Basque presence in Brussels -- More allies, more influence? : the Atlantic Arc and transEuropean networks -- Basque taxation devolution and the EU's competition imperative. 330 1 $a"The book explores prospects for an autonomous Basque role in EU politics; institutional arrangements for autonomous community participation in EU decision making; Basque government alliances with other regions and the EU's supranational bodies; EU incentives for collaboration among Basque and central state authorities; the impact of EU decisions on politically sensitive Basque competencies; and the incidence of EU issues in nationalist disputes. It presents a new theoretical framework for analysing the impact of the EU on regional power and will be of interest to students, researchers and general observers of Basque, Spanish and EU politics."--Jacket. 410 0$aEurope in change. 606 $aRegionalism$zSpain 606 $aNationalism$zSpain 606 $aBasques$zSpain$xPolitics and government$y20th century 607 $aSpain$xAdministrative and political divisions 608 $aElectronic books. 615 0$aRegionalism 615 0$aNationalism 615 0$aBasques$xPolitics and government 676 $a341.24220899992046 700 $aBourne$b Angela K$01028596 801 0$bMiAaPQ 801 1$bMiAaPQ 801 2$bMiAaPQ 906 $aBOOK 912 $a9910465649703321 996 $aThe European Union and the accomodation of Basque differnce in Spain$92444645 997 $aUNINA LEADER 04077nam 22007093 450 001 9910866394503321 005 20230911124921.0 024 7 $a10.3726/b19904 035 $a(CKB)5590000001036926 035 $a(MiAaPQ)EBC30685964 035 $a(Au-PeEL)EBL30685964 035 $a(EXLCZ)995590000001036926 100 $a20230911d2022 uy 0 101 0 $aeng 135 $aurcnu|||||||| 181 $ctxt$2rdacontent 182 $cc$2rdamedia 183 $acr$2rdacarrier 200 10$aLachgemeinschaften? $eKomik und Behinderung Im Schnittpunkt Von Aesthetik und Soziologie 205 $a1st ed. 210 1$aFrankfurt a.M. :$cPeter Lang GmbH, Internationaler Verlag der Wissenschaften,$d2022. 210 4$d©2022. 215 $a1 online resource (250 pages) 225 1 $aImages of Disability. Literature, Scenic, Visual, and Virtual Arts / Imágenes de la Diversidad Funcional. Literatura, Artes Escénicas, Visuales y Virtuales Series ;$vv.6 311 $a3-631-88298-X 327 $aIntro -- Cover -- Series Information -- Copyright page -- Inhaltsverzeichnis -- List of Contributors -- I. Theorie -- Einführung: Komik, Lachen und Behinderung (Susanne Hartwig) -- Lachen aus Gründen der Gerechtigkeit? Zum Verhältnis von Komik, Behinderung und moralischem Sollen (Franziska Felder) -- II. Fiktion: Schwankliteratur, Theater und Film -- Un:ethische Blicke - un:ethisches Lachen? Behinderung und Komik in vormodernen deutschen Schwankerzählungen (Sonja Kerth) -- Komik in der Theaterarbeit mit Menschen mit Behinderung - Erfahrungsschritte (Elisabeth Braun) -- Die Komik der Leistung: Über Disability Performance und das Lachen des Publikums (Benjamin Wihstutz) -- Ironie und Erwartung, Humor und Erfahrung: Menschen mit ?geistiger' Behinderung auf der Bühne und im Film (Susanne Hartwig) -- Komische Irritationen mit Behinderung in Sitcoms von und mit Ricky Gervais (Anette Pankratz) -- There's something about disability. Behinderung und Affekt in den Gross-out-Blockbusterkomödien der Farrelly-Brüder (Herbert Schwaab) -- III. Lebenswelt -- ?Es geht nicht, es rollt." - Das ?Lachen über Behinderung' aus der Perspektive körperlich behinderter Menschen (Dieter Kulke) -- ?Das Lachen blieb mir im Halse stecken." Zum Transformationspotenzial in Dschingis Khan und der spezifischen Funktion von Komik (Fabian Riemen) -- Das ,Lächerliche' in Familien mit ,geistig' behinderten Angehörigen. Einige Reflexionen aus einer interaktionistisch professionstheoretischen Perspektive (Cosimo Mangione) -- Billy the Kit (Karlheinz Kleinbach) -- Abbildungsverzeichnis -- Über die Autor:innen -- Series index. 330 $aDer vorliegende Band untersucht komische Darstellungen von Behinderung anhand von Einzelanalysen aus der Sicht der Sozial-, Erziehungs-, Literatur-, Kultur-, Medien-, Theater- und Filmwissenschaften. 410 0$aImages of Disability. Literature, Scenic, Visual, and Virtual Arts / Imágenes de la Diversidad Funcional. Literatura, Artes Escénicas, Visuales y Virtuales Series 606 $aA?sthetik 606 $aBehinderung 606 $aHartwig 606 $aInklusion 606 $aInklusionsdiskussion 606 $aKomik 606 $aKomik und Behinderung 606 $aLachgemeinschaften? 606 $aMenschen mit Behinderung 606 $aPotential des Lachens und der Komik 606 $aSchnittpunkt 606 $aSoziologie 606 $aSusanne 615 4$aA?sthetik 615 4$aBehinderung 615 4$aHartwig 615 4$aInklusion 615 4$aInklusionsdiskussion 615 4$aKomik 615 4$aKomik und Behinderung 615 4$aLachgemeinschaften? 615 4$aMenschen mit Behinderung 615 4$aPotential des Lachens und der Komik 615 4$aSchnittpunkt 615 4$aSoziologie 615 4$aSusanne 700 $aHartwig$b Susanne$01181729 801 0$bMiAaPQ 801 1$bMiAaPQ 801 2$bMiAaPQ 906 $aBOOK 912 $a9910866394503321 996 $aLachgemeinschaften$94173763 997 $aUNINA